00327nam a2200121Ia 4500008004100000041000800041082001600049100001600065245004500081260004100126300003100167365000700198240624s9999 xx 000 0 und d aeng a658.049 ALI aALI ABBAS J aGLOBALIZATION OF BUSINESS PRACTICE AND T c2004aMumbaibJaico Publishing House axii, : 342 : p. : cm. ; 25 cRS